Central Library OPAC University of Rajshahi

একাত্তর আমার / (Record no. 64769)

MARC details
000 -LEADER
fixed length control field 01088nam a2200253 a 4500
001 - CONTROL NUMBER
control field 64769
003 - CONTROL NUMBER IDENTIFIER
rucl marc code BD-RjUL
005 - DATE AND TIME OF LATEST TRANSACTION
control field 20211209081340.0
008 - FIXED-LENGTH DATA ELEMENTS--GENERAL INFORMATION
fixed length control field 170220s1999 bg a|||| |||| 00| 0 eng d
020 ## - INTERNATIONAL STANDARD BOOK NUMBER
International Standard Book Number 9844651980
Terms of availability Tk.130.00
035 ## - SYSTEM CONTROL NUMBER
System control number (BD-RjUL)64899
040 ## - CATALOGING SOURCE
Original cataloging agency BD-RjUL
Language of cataloging ben/eng
Transcribing agency BD-RjUL
Modifying agency BD-RjUL
041 ## - LANGUAGE CODE
Language code of text/sound track or separate title ben
082 ## - DEWEY DECIMAL CLASSIFICATION NUMBER
Edition number 23
Classification number 954.9205
Author mark and year QUE 1999
100 1# - MAIN ENTRY--PERSONAL NAME
Personal name কাদের, মোহাম্মাদ নুরুল
9 (RLIN) 192028
245 10 - TITLE STATEMENT
Title একাত্তর আমার /
Statement of responsibility, etc. মোহাম্মাদ নুরুল কাদের ; অনুলিখন: মোস্তফা হুসেইন
260 ## - PUBLICATION, DISTRIBUTION, ETC. (IMPRINT)
Place of publication, distribution, etc. ঢাকা :
Name of publisher, distributor, etc. সাহিত্য প্রকাশ,
Date of publication, distribution, etc. ১৯৯৯
300 ## - PHYSICAL DESCRIPTION
Pagination ২০৭. :
Illustrations চিত্র. ;
Size ২২ সেমি.
500 ## - GENERAL NOTE
General note নির্ঘন্ট সংযুক্ত
651 ## - SUBJECT ADDED ENTRY--GEOGRAPHIC NAME
Geographic name বাংলাদেশ
General subdivision ইতিহাস
Chronological subdivision ১৯৭১
9 (RLIN) 192029
Geographic name Bangladesh
General subdivision History
Chronological subdivision 1971
9 (RLIN) 192030
700 ## - ADDED ENTRY--PERSONAL NAME
Personal name হুসেইন, মোস্তফা, অনুলেখক
942 ## - ADDED ENTRY ELEMENTS (KOHA)
Source of classification or shelving scheme Dewey Decimal Classification
Koha item type Books
Holdings
Lost status Source of classification or shelving scheme Damaged status Not for loan Collection code Permanent Location Current Location Shelving location Date acquired Source of acquisition Cost, normal purchase price Total Checkouts Full call number Date last seen Copy number Koha item type
  Dewey Decimal Classification   Not For Loan Non-fiction Central Library, University of Rajshahi Central Library, University of Rajshahi Reading Room 12/12/1999 R.U.L. 130.00   B 954.9205 QUE 1999 20/02/2017 C-1 Books
  Dewey Decimal Classification     Non-fiction Central Library, University of Rajshahi Central Library, University of Rajshahi   12/12/1999 The Author 130.00   B 954.9205 QUE 1999 24/03/2021 C-2 Books